000 01169nam a2200349 a 4500
001 26704
003 CO-ViMGA
005 20230915223425.0
006 a3322260
008 141112s2004 ck r 000 u spa d
015 _aMON0802
017 _aM 27070 - 2007 Oficina Depósito Legal Madrid
020 _a9788441323957
035 _a(OCoLC)433434450
040 _aCO-ViMGA
_bspa
_cCO-ViMGA
080 _a087.5 : 82
082 0 4 _aI808.831 G73b
100 1 _aMolero i Lloret, Natalia 1959 -
245 1 0 _aBlancanieves :
_badaptación del cuento recopilado por los Hermanos Grimm ; [adaptación del cuento original, Natalia Molero ; ilustraciones, Cardona Estudio]
260 _aBarcelona Folio [2007]
300 _a10, 16 p. il. col. 20 cm
490 0 _aTeatro - cuentos
490 0 _aTeatro - cuentos
505 _aBlancanieves, el guión ; Blancanieves, el cuento ilustrado
594 _aAdaptación de : Schineewittchen / Jacob y Wilhelm Grimm
650 1 4 _aCuentos clasicos infantiles
700 1 _aGrimm, Jacob 1785 - 1863 Schneewittchen
_93850
710 _aCardona Estudio
926 _aMONOMODERN
942 _2ddc
_cBK
956 _a2
999 _c10052
_d10052